Unspoken.
Record details
- ISBN: 9781612184623
- ISBN: 1612184626
- Physical Description: p. cm.
- Publisher: 47North 2013.
Available copies
- 1 of 1 copy available at scottsboropl.
Holds
- 0 current holds with 1 total copy.
Show Only Available Copies
| Location | Call Number / Copy Notes | Barcode | Shelving Location | Status | Due Date |
|---|---|---|---|---|---|
| scottsboropl | F Smi | 32269000924244 | Adult - Fiction | Available | - |
| LDR | 00590nam a22002053 4500 | ||
|---|---|---|---|
| 001 | 136113 | ||
| 003 | CONS | ||
| 005 | 20140703073309.0 | ||
| 008 | 130923s2013 xx 000 0 eng d | ||
| 020 | . | ‡a9781612184623 | |
| 020 | . | ‡a1612184626 | |
| 035 | . | ‡a(CPomAG)LMN562775 | |
| 245 | 0 | 0. | ‡aUnspoken. |
| 260 | . | ‡b47North ‡c2013. | |
| 300 | . | ‡ap. ‡ccm. | |
| 720 | . | ‡aSmith, L. J. | |
| 720 | . | ‡aClark, Aubrey | |
| 914 | . | ‡aSCP_jd | |
| 959 | . | ‡i32269000924244 ‡lYA F Smi ‡aYoung Adult - NonFiction ‡tYA NonFiction ‡g18.00 | |
| 852 | . | ‡p32269000924244 ‡jYA F Smi ‡gYoung Adult - NonFiction ‡cYA NonFiction ‡y18.00 ‡bSBPL | |
| 901 | . | ‡a136113 ‡bUnknown ‡c136113 ‡tbiblio | |